Taming of the shrew (Record no. 4209)

MARC details
000 -LEADER
fixed length control field 00451cam a2200181ua 4500
001 - CONTROL NUMBER
control field 5029
005 - DATE AND TIME OF LATEST TRANSACTION
control field 20260515113827.0
008 - FIXED-LENGTH DATA ELEMENTS--GENERAL INFORMATION
fixed length control field 120229n nyu |||gr||||Z||||||eng
020 ## - INTERNATIONAL STANDARD BOOK NUMBER
International Standard Book Number 521-09499-2
040 ## - CATALOGING SOURCE
Transcribing agency MAIN
082 ## - DEWEY DECIMAL CLASSIFICATION NUMBER
Classification number 822.33
100 ## - MAIN ENTRY--PERSONAL NAME
Personal name Shakespeare,
Relator term Author,
245 11 - TITLE STATEMENT
Title Taming of the shrew
Statement of responsibility, etc. by Shakespeare
250 ## - EDITION STATEMENT
Edition statement 1st.
260 ## - PUBLICATION, DISTRIBUTION, ETC.
Place of publication, distribution, etc. East 57th street:
Name of publisher, distributor, etc. Cambridge university press,
Date of publication, distribution, etc. 1969.
300 ## - PHYSICAL DESCRIPTION
Extent 194p:
Dimensions 15cm.
942 ## - ADDED ENTRY ELEMENTS (KOHA)
Koha item type Books
Holdings
Withdrawn status Lost status Damaged status Not for loan Home library Current library Shelving location Date acquired Total checkouts Full call number Barcode Date last seen Copy number Price effective from Koha item type
        Naharkatiya College Library Naharkatiya College Library General stacks 09/19/2020   822.33 | SHA 5918 09/19/2020 1 09/19/2020 Books